01773nam a2200397 a 4500001001200000003000800012006001900020007001500039008004100054010001700095020003300112020003600145020003100181020002700212040002100239035002100260050002300281082001700304100001800321245009800339250003300437260005600470300004500526500003500571504006400606505029200670533015200962650001301114650001701127650002201144650001801166655002901184710001701213856012601230999001901356ebr10555074CaPaEBRm u cr cn|||||||||040407s2012 cauaf sb 001 0 eng d z 2004008180 z0520243846 (pbk. alk. paper) z9780520243842 (pbk. alk. paper) z9780520272910 (alk. paper) z9780520951389 (e-book) aCaPaEBRcCaPaEBR a(OCoLC)79449198314aHT867b.B35 2012eb04a306.3/622221 aBales, Kevin.10aDisposable peopleh[electronic resource] :bnew slavery in the global economy /cKevin Bales. aRev. ed. with a new preface. aBerkeley :bUniversity of California Press,cc2012. axxxvi, 298 p., [12] p. of plates :bill. aFirst paperback printing 2000. aIncludes bibliographical references (p. 279-288) and index.0 aThe new slavery -- Thailand : because she looks like a child -- Mauritania : old times there are not forgotten -- Brazil : life on the edge -- Pakistan : when is a slave not a slave? -- India : the ploughman's lunch -- What can be done? -- Coda : three things you can do to stop slavery. aElectronic reproduction.bPalo Alto, Calif. :cebrary,d2011.nAvailable via World Wide Web.nAccess may be limited to ebrary affiliated libraries. 0aSlavery. 0aSlave labor. 0aPoorxEmployment. 0aProstitution. 7aElectronic books.2local2 aebrary, Inc.40uhttp://site.ebrary.com/lib/rucke/Doc?id=10555074zAn electronic book accessible through the World Wide Web; click to view c198455d198455